Score 0/15 Timer 02:00
0 Plays Today
Question Answer Wrong Answers
Notable Literary Work
Jane Eyre
Charlotte
78.5%
Emily
10.4%
Anne
2.1%
Completed Novels
4
Charlotte
72.9%
Emily
9.2%
Anne
8.5%
Notable Character
Edward Rochester
Charlotte
71.5%
Emily
11.9%
Anne
5.6%
Notable Literary Work
Wuthering Heights
Emily
69.8%
Charlotte
16%
Anne
2.9%
Notable Character
Heathcliff
Emily
69%
Charlotte
15.8%
Anne
4%
Pen Name
Currer Bell
Charlotte
68.1%
Emily
11.5%
Anne
9.6%
Pen Name
Ellis Bell
Emily
65.2%
Charlotte
14.2%
Anne
10.4%
Notable Literary Work
The Tenant of Wildfell Hall
Anne
65.2%
Charlotte
15.8%
Emily
8.3%
Pen Name
Acton Bell
Anne
62.9%
Charlotte
16.3%
Emily
10%
Lived
1816-1855
Charlotte
61.5%
Emily
17.3%
Anne
10.8%
Notable Character
Helen Lawrence Huntingdon
Anne
60.2%
Charlotte
18.3%
Emily
11%
Completed Novels
2
Anne
57.7%
Charlotte
18.1%
Emily
12.5%
Completed Novels
1
Emily
56.5%
Charlotte
14.4%
Anne
18.1%
Lived
1818-1848
Emily
52.9%
Charlotte
21.9%
Anne
14.8%
Lived
1820-1849
Anne
46.3%
Charlotte
21.9%
Emily
21.9%
Remove Ads.
Support Sporcle.
Get the best of Sporcle when you Go Orange. This ad-free experience offers more features, more stats, and more fun while also helping to support Sporcle. Thank you for becoming a member.

You're not logged in!

Compare scores with friends on all Sporcle quizzes.
OR
Log In

Sporcle TV

Today on Sporcle TV


Watch our educational content, quiz creation guides, and fun videos on Sporcle TV.

Show Comments

Extras

Top Quizzes Today


Score Distribution

Paid Content

Your Account Isn't Verified!

In order to create a playlist on Sporcle, you need to verify the email address you used during registration. Go to your Sporcle Settings to finish the process.

Report this User

Report this user for behavior that violates our Community Guidelines.

Details: